Etelä-Pohjanmaa-visa - Statistics

Yleistilastot
  • Tätä visaa on pelattu 1 061 kertaa
  • Keskiarvotulos 12 / 15
Vastaustilastot
Vihje Vastaus % Oikein
Väkirikkain kaupunki ja maakuntakeskus Seinäjoki
97%
Eläinpuistosta ja pandoista tunnettu kaupunki Ähtäri
95%
Suomen tunnetuin arkkitehti Alvar Aalto
89%
Neljän jäsenen muodostama stuntti- ja pelleilyryhmä Duudsonit
89%
1930-luvulla vaikuttanut eteläpohjanmaalainen oikeistoradikaali liike {Lapuan} liike
89%
Kylä Ilmajoella, josta yksi Suomen tunnetuimmista viinamerkeistä on kotoisin Koskenkorva
88%
Kylä, jossa Suomen suurin tavaratalo sijaitsee Tuuri
86%
Etelä-Pohjanmaalla vaikuttaneet lainsuojattomat, tunnetuimpia ovat Antti Isotalo ja Matti Haapaoja Puukko{junkkarit}
81%
Eteläpohjanmaalaisen Jaakko Ilkan johtama 1500-luvun talonpoikaiskapina {Nuija}sota
80%
Maakuntakeskuksessa sijaitseva kirkko, jonka kyseinen henkilö suunnitteli {Lakeuden} risti
69%
Kuinka monta "vanhaa kaupunkia" Etelä-Pohjanmaalla sijaitsee? 0
67%
Lääni, johon maakunta kuului vuoteen 2009 asti {Länsi}-{Suomen} lääni
66%
Toiseksi väkirikkain kaupunki Kurikka
63%
Suomen mahdollisesti suurin kraatterijärvi Lappajärvi
63%
Veikkausliigan mestaruuden vuonna 2015 voittanut joukkue Seinäjoen Jalkapallokerho
54%
Ehtoja vastaavia visoja ei löytynyt
Tulosjakauma
Jokaisen tuloksen saaneiden osuus
Persentiili vastausten määrän mukaan
Tuloshistoriasi
Et ole pelannut tätä visaa